Condiciones iniciales para una política de desarrollo y del medio ambiente: un enfoque a partir de los derechos concretos a la vida /

En este ensayo se pretende analizar, críticamente, un aspecto que consideramos crucial en toda propuesta de desarrollo, ya sea que éste se entienda como "desarrollo económico", como "desarrollo humano sostenible", o como desarrollo a secas: los criterios formales de decisión y su...

Popoln opis

Shranjeno v:
Bibliografske podrobnosti
Glavni avtor: Mora Jiménez, Henry
Drugi avtorji: Hinkelammert, Franz J.
Format: Knjiga
Jezik:Spanish
Teme:
Oznake: Označite
Brez oznak, prvi označite!

MARC

LEADER 00000nam a22000007a 4500
003 cru CIDCACS/IIS
005 20240719062600.0
007 ta
008 191101t2008 cr |||||r||||||0| ||spa|d
040 |c cru CIDCACS/IIS 
100 1 |9 5450  |a Mora Jiménez, Henry 
245 1 |a Condiciones iniciales para una política de desarrollo y del medio ambiente: un enfoque a partir de los derechos concretos a la vida /  |c Henry Ml. Mora Jiménez 
300 |a páginas 55-71 
520 |a En este ensayo se pretende analizar, críticamente, un aspecto que consideramos crucial en toda propuesta de desarrollo, ya sea que éste se entienda como "desarrollo económico", como "desarrollo humano sostenible", o como desarrollo a secas: los criterios formales de decisión y sus correspondientes marcos categoriales. Estos criterios se insertan necesariamente en un sistema de coordinación del trabajo social, y condicionan los fines y metas de acción 
650 0 |9 2142  |a DESARROLLO ECONOMICO 
650 0 |9 5306  |a DESARROLLO HUMANO 
650 0 |9 2049  |a DESARROLLO SOSTENIBLE 
650 0 |a POLITICAS DE DESARROLLO  |9 3369 
650 0 |9 288  |a EMPLEO 
650 4 |9 2669  |a DISTRIBUCION DEL INGRESO 
650 0 |9 38  |a DERECHOS HUMANOS 
650 0 |9 1773  |a TASA DE CRECIMIENTO 
650 0 |9 5594  |a COMPETITIVIDAD 
700 1 |a Hinkelammert, Franz J.  |9 4235 
773 0 |0 19111  |9 3685  |a Universidad de Costa Rica. Facultad de Ciencias Económicas. Instituto de Investigaciones en Ciencias Económicas  |d San José, Costa Rica : Universidad de Costa Rica. Facultad de Ciencias Económicas. Instituto de Investigaciones en Ciencias Económicas; Colegio de Licenciados en Ciencias Económicas y Sociales  |o 06621  |t Revista de Ciencias Económicas /  |x 02529521 
942 |2 ddc  |c PP 
999 |c 42562  |d 42562